000 00734nam a2200217Ii 4500
003 JO-AjNU
008 230605s9999||||xx |||||||||||||| ||und||
017 _a2009/10/4460
040 _aJO-AjNU
_bara
_erda
_cJO-AjNU
041 _aara
050 1 4 _aLB1050.A236 2010
100 3 _aعبد الباري،ماهر شعبان,
_eauthor
_928055
245 0 0 _aإستراتيجيات فهم المقروء،أسسها النظرية وتطبيقاتها العملية
250 _aط1
264 3 1 _aعمان:دار المسيرة،2010
300 _a351ص
336 _atext
_btxt
_2rdacontent
337 _aunmediated
_bn
_2rdamedia
338 _avolume
_bnc
_2rdacarrier
650 4 _aالقراءة-دراسة وتعليم
_928056
999 _aA10834
_c14402
_d14402